[Event "DSM WK M 2012"]
[Site "Karlsruhe GER"]
[Date "2012.05.05"]
[Round "4"]
[White "Berger, Nadja"]
[Black "Mehling, Katharina"]
[Result "1/2-1/2"]
[Termination "normal"]
[Board "1.1"]
[WhiteElo "1837"]
[BlackElo "1714"]
[WhiteTeam "Friedrich-Dessauer-Gymnasium Aschaffenburg"]
[BlackTeam "Johann-Schöner-Gymnasium Karlstadt"]
[PlyCount "82"]
[WhiteFideId "24692212"]
[BlackFideId "12900362"]
[EventCountry "GER"]
[EventRounds "7"]
[EventType "team-swiss"]
[EventDate "2012.05.03"]

1. c4 e5 2. g3 Nc6 3. Bg2 f5 4. Nc3 Nf6 5. d3 g6 6. e3 Bg7 7. Nge2 O-O 8. a3 a5
9. Nd5 d6 10. Nec3 Ne7 11. Rb1 c6 12. Nxe7+ Qxe7 13. b4 axb4 14. axb4 Be6 15.
b5 Qc7 16. Qb3 Rfb8 17. O-O Nd7 18. Ba3 Ra7 19. Qb4 Bf8 20. Qb3 Rba8 21. Bb2
Nc5 22. Qc2 e4 23. d4 Nd3 24. bxc6 bxc6 25. Rfd1 Bxc4 26. Nxe4 fxe4 27. Qxc4+
d5 28. Qc3 Bb4 29. Qb3 Qf7 30. Rxd3 exd3 31. Qxb4 Rb7 32. Qd2 Rab8 33. Bf1 Rb3
34. Bxd3 Qb7 35. Qc2 Kf7 36. e4 Rxb2 37. Rxb2 Qxb2 38. Qxc6 dxe4 39. Bc4+ Kg7
40. Qd7+ Kh6 41. Qh3+ Kg7 1/2-1/2

[Event "DSM WK M 2012"]
[Site "Karlsruhe GER"]
[Date "2012.05.05"]
[Round "4"]
[White "Mehling, Franziska"]
[Black "Schnepper, Pauline"]
[Result "1-0"]
[Termination "normal"]
[Board "1.2"]
[WhiteElo "1691"]
[BlackElo "1596"]
[WhiteTeam "Johann-Schöner-Gymnasium Karlstadt"]
[BlackTeam "Friedrich-Dessauer-Gymnasium Aschaffenburg"]
[PlyCount "85"]
[WhiteFideId "12900133"]
[BlackFideId "12918040"]
[EventCountry "GER"]
[EventRounds "7"]
[EventType "team-swiss"]
[EventDate "2012.05.03"]

1. d4 d5 2. c4 dxc4 3. Nf3 Nf6 4. Nc3 a6 5. e3 Bg4 6. Bxc4 e6 7. O-O Nbd7 8.
Re1 Be7 9. a3 O-O 10. e4 Bxf3 11. gxf3 Nb6 12. Bb3 Re8 13. Kh1 h6 14. Rg1 Kh8
15. Bc2 Nh7 16. e5 f5 17. Rg2 Nd5 18. f4 Rg8 19. Qh5 c5 20. dxc5 Bxc5 21. Qf3
Nxc3 22. Qxc3 Qb6 23. Be3 Bxe3 24. fxe3 Rac8 25. Qb3 Qc6 26. Rd1 Rcd8 27. Rxd8
Rxd8 28. Kg1 g5 29. h3 b5 30. Qb4 Qb6 31. Qc3 gxf4 32. Bxf5 fxe3 33. Bxh7 Kxh7
34. Qc2+ Kh8 35. Qg6 Qa7 36. Qf6+ Kh7 37. Qxd8 Qf7 38. Qd3+ Kh8 39. Qxe3 Qh7
40. Qc3 Qd7 41. Qd2 Qxd2 42. Rxd2 Kg7 43. Rd6 1-0

[Event "DSM WK M 2012"]
[Site "Karlsruhe GER"]
[Date "2012.05.05"]
[Round "4"]
[White "Künstler, Tabea"]
[Black "Schneider, Jana"]
[Result "0-1"]
[Termination "normal"]
[Board "1.3"]
[WhiteElo "1357"]
[BlackElo "1537"]
[WhiteTeam "Friedrich-Dessauer-Gymnasium Aschaffenburg"]
[BlackTeam "Johann-Schöner-Gymnasium Karlstadt"]
[PlyCount "64"]
[BlackFideId "12924997"]
[EventCountry "GER"]
[EventRounds "7"]
[EventType "team-swiss"]
[EventDate "2012.05.03"]

1. c4 e5 2. Nc3 Nc6 3. g3 f5 4. Bg2 Nf6 5. Nf3 d6 6. O-O Be6 7. d3 g6 8. Rb1
Bg7 9. Bd2 h6 10. b4 g5 11. Bxg5 hxg5 12. Nxg5 Bd7 13. e3 Ng4 14. Nh3 Be6 15.
Nd5 Qd7 16. Qe2 O-O-O 17. f4 Nf6 18. Qf3 e4 19. Qe2 Nxd5 20. cxd5 Bxd5 21. d4
Qe6 22. Ng5 Qg8 23. Qd2 Bc4 24. Rf2 Re8 25. b5 Nxd4 26. Qa5 Kb8 27. a4 Nb3 28.
Qe1 Bf6 29. h4 d5 30. Qd1 d4 31. Rfb2 dxe3 32. Rxb3 e2 0-1

[Event "DSM WK M 2012"]
[Site "Karlsruhe GER"]
[Date "2012.05.05"]
[Round "4"]
[White "Mehling, Theresa"]
[Black "Fuks, Polina"]
[Result "0-1"]
[Termination "normal"]
[Board "1.4"]
[WhiteElo "815"]
[BlackElo "1231"]
[WhiteTeam "Johann-Schöner-Gymnasium Karlstadt"]
[BlackTeam "Friedrich-Dessauer-Gymnasium Aschaffenburg"]
[PlyCount "94"]
[EventCountry "GER"]
[EventRounds "7"]
[EventType "team-swiss"]
[EventDate "2012.05.03"]

1. e4 e5 2. Nf3 Nc6 3. Nc3 Nf6 4. Bc4 Bc5 5. d3 d6 6. Bg5 h6 7. Bh4 g5 8. Bg3
Bg4 9. h3 Bh5 10. h4 Qe7 11. hxg5 hxg5 12. Nxg5 Bxd1 13. Rxh8+ Kd7 14. Rxa8 Nd8
15. Nxd1 Ne8 16. Nf3 c6 17. Bh4 f6 18. Nc3 Nc7 19. Rb8 a6 20. Rxd8+ Qxd8 21.
O-O-O Qh8 22. Rh1 Qg7 23. Bg3 Ne6 24. Kb1 Nd4 25. Nxd4 Bxd4 26. Ne2 Bc5 27. f3
Qg6 28. c3 b5 29. Bb3 a5 30. Rh3 a4 31. Bd1 a3 32. b4 Bb6 33. c4 bxc4 34. dxc4
Qf7 35. Bb3 Be3 36. c5 Qe7 37. Rh8 dxc5 38. Be1 cxb4 39. Ra8 Qc5 40. Rb8 Kc7
41. Rxb4 Bf2 42. Bd2 Qd6 43. Bc3 Qd3+ 44. Bc2 Qxe2 45. Ra4 Qf1+ 46. Be1 Qxe1+
47. Bd1 Qxd1# 0-1

[Event "DSM WK M 2012"]
[Site "Karlsruhe GER"]
[Date "2012.05.05"]
[Round "4"]
[White "Brandl, Lea Maria"]
[Black "Beier, Nina"]
[Result "1-0"]
[Termination "normal"]
[Board "2.1"]
[WhiteElo "1712"]
[BlackElo "1579"]
[WhiteTeam "Marienschule Limburg"]
[BlackTeam "Albertus-Magnus-Schule Viernheim"]
[PlyCount "67"]
[WhiteFideId "24693049"]
[BlackFideId "24660434"]
[EventCountry "GER"]
[EventRounds "7"]
[EventType "team-swiss"]
[EventDate "2012.05.03"]

1. d4 e6 2. c4 d5 3. Nc3 Nf6 4. Bg5 Nbd7 5. Nf3 Be7 6. e3 b6 7. Rc1 Bb7 8. Bd3
h6 9. Bh4 O-O 10. O-O c5 11. Qe2 Rc8 12. Rfd1 Re8 13. a3 cxd4 14. Nxd4 Nc5 15.
Bb1 Ncd7 16. b4 Rxc4 17. Bd3 Rc8 18. Bg3 Nb8 19. e4 Nc6 20. Nf3 Nb8 21. Ne5 Bd6
22. Nxf7 Kxf7 23. e5 Bxe5 24. Bxe5 Nbd7 25. Nb5 Nxe5 26. Qxe5 Ke7 27. Rxc8 Bxc8
28. Rc1 Bd7 29. Qd6+ Kf7 30. Rc7 Re7 31. Rxa7 Qc8 32. Rc7 Qe8 33. Qg3 g5 34.
Nd6+ 1-0

[Event "DSM WK M 2012"]
[Site "Karlsruhe GER"]
[Date "2012.05.05"]
[Round "4"]
[White "Werner, Tanja"]
[Black "Liez, Franziska"]
[Result "0-1"]
[Termination "normal"]
[Board "2.2"]
[WhiteElo "1153"]
[BlackElo "1726"]
[WhiteTeam "Albertus-Magnus-Schule Viernheim"]
[BlackTeam "Marienschule Limburg"]
[PlyCount "120"]
[BlackFideId "1271766"]
[EventCountry "GER"]
[EventRounds "7"]
[EventType "team-swiss"]
[EventDate "2012.05.03"]

1. e4 e5 2. Nf3 Nc6 3. Bb5 a6 4. Ba4 Nf6 5. d3 b5 6. Bb3 Be7 7. O-O O-O 8. Be3
d5 9. exd5 Nxd5 10. Qe2 Bg4 11. h3 Bh5 12. Nbd2 Kh8 13. Ne4 f5 14. Nc5 Bf7 15.
Bxd5 Qxd5 16. Nb3 a5 17. Rad1 a4 18. Nc1 Bh5 19. c4 Bxf3 20. cxd5 Bxe2 21. Nxe2
Nb4 22. Nc3 Rab8 23. Rfe1 Bf6 24. d4 exd4 25. Bxd4 Bxd4 26. Re7 Bxc3 27. bxc3
Na6 28. Rd3 Rbd8 29. Rg3 g6 30. Rd3 Rfe8 31. Ree3 Nc5 32. Rd4 Rxe3 33. fxe3 Re8
34. Kf2 Ne4+ 35. Kf3 Nxc3 36. Rd2 Rd8 37. Rd3 Nxa2 38. Rd4 Nc3 39. Rd3 Nxd5 40.
e4 fxe4+ 41. Kxe4 Nf6+ 42. Ke3 Rxd3+ 43. Kxd3 c5 44. g4 Kg7 45. g5 Nd7 46. h4
Kf7 47. Kc3 Ke6 48. Kd3 Ne5+ 49. Kc3 Kd5 50. Kb2 b4 51. Kc2 c4 52. h5 gxh5 53.
g6 hxg6 54. Kb2 h4 55. Kc2 h3 56. Kd2 h2 57. Ke3 h1=Q 58. Kd2 Qf3 59. Kc2 Qd3+
60. Kb2 c3+ 0-1

[Event "DSM WK M 2012"]
[Site "Karlsruhe GER"]
[Date "2012.05.05"]
[Round "4"]
[White "Schröder, Janina"]
[Black "Riederer, Jana"]
[Result "1-0"]
[Termination "normal"]
[Board "2.3"]
[WhiteElo "1315"]
[BlackElo "800"]
[WhiteTeam "Marienschule Limburg"]
[BlackTeam "Albertus-Magnus-Schule Viernheim"]
[PlyCount "73"]
[WhiteFideId "24693138"]
[EventCountry "GER"]
[EventRounds "7"]
[EventType "team-swiss"]
[EventDate "2012.05.03"]

1. e4 e5 2. Nf3 Nc6 3. Bb5 Bd6 4. O-O Nf6 5. Re1 O-O 6. d3 Ng4 7. h3 Nf6 8. Nc3
Bc5 9. Bg5 d6 10. Nd5 Nb4 11. Nxf6+ gxf6 12. Bh6 Re8 13. Bxe8 Qxe8 14. Nh4 f5
15. exf5 Bxf5 16. Nxf5 f6 17. c3 Qg6 18. cxb4 Bxb4 19. Ne7+ Kf7 20. Nxg6 hxg6
21. Bd2 Bxd2 22. Qxd2 Rh8 23. Qc3 c5 24. Qb3+ Kg7 25. Qxb7+ Kh6 26. Qxa7 Rh7
27. Qb8 g5 28. Qxd6 Kg6 29. a4 Kg7 30. a5 Kf7 31. a6 Rg7 32. a7 Rg8 33. a8=Q
Rxa8 34. Rxa8 Kg6 35. Rf8 Kh6 36. Qxf6+ Kh5 37. Rh8# 1-0

[Event "DSM WK M 2012"]
[Site "Karlsruhe GER"]
[Date "2012.05.05"]
[Round "4"]
[White "Seeger, Amelie"]
[Black "Heinz, Michelle"]
[Result "0-1"]
[Termination "normal"]
[Board "2.4"]
[WhiteElo "800"]
[BlackElo "1234"]
[WhiteTeam "Albertus-Magnus-Schule Viernheim"]
[BlackTeam "Marienschule Limburg"]
[PlyCount "22"]
[BlackFideId "1271782"]
[EventCountry "GER"]
[EventRounds "7"]
[EventType "team-swiss"]
[EventDate "2012.05.03"]

1. e4 e5 2. Nf3 Nc6 3. Bc4 Bc5 4. O-O d6 5. Nc3 Bg4 6. h3 Bh5 7. d3 Nd4 8. Bg5
Nxf3+ 9. Kh1 Qxg5 10. Bd5 Nh4 11. Qc1 Qxg2# 0-1

[Event "DSM WK M 2012"]
[Site "Karlsruhe GER"]
[Date "2012.05.05"]
[Round "4"]
[White "Heinemann, Josefine"]
[Black "Krtschil, Anna"]
[Result "1-0"]
[Termination "normal"]
[Board "3.1"]
[WhiteElo "1850"]
[BlackElo "1524"]
[WhiteTeam "Werner-von-Siemens-Gymnasium Magdeburg"]
[BlackTeam "Salza Gymnasium Bad Langensalza"]
[PlyCount "63"]
[WhiteFideId "12900460"]
[BlackFideId "4611144"]
[EventCountry "GER"]
[EventRounds "7"]
[EventType "team-swiss"]
[EventDate "2012.05.03"]

1. e4 c5 2. Nf3 Nc6 3. d4 cxd4 4. Nxd4 Nf6 5. f3 g6 6. c4 Bg7 7. Nc2 O-O 8. Nc3
a6 9. Be3 d6 10. Be2 Qc7 11. Qd2 Be6 12. O-O Rfc8 13. Rac1 Ne5 14. b3 b5 15.
Nd5 Nxd5 16. cxd5 Bd7 17. h3 Be8 18. Nd4 Qb7 19. f4 Nd7 20. Bf3 Rxc1 21. Rxc1
Rc8 22. Nc6 Nc5 23. Bxc5 dxc5 24. e5 e6 25. Rxc5 exd5 26. Ne7+ Qxe7 27. Rxc8
Qd7 28. Qc2 Bh6 29. Bg4 Qe7 30. Qc6 Qa7+ 31. Kh1 Qe7 32. Rxe8+ 1-0

[Event "DSM WK M 2012"]
[Site "Karlsruhe GER"]
[Date "2012.05.05"]
[Round "4"]
[White "Halle, Julia"]
[Black "Peschos, Celine"]
[Result "0-1"]
[Termination "time forfeit"]
[Board "3.2"]
[WhiteElo "1312"]
[BlackElo "1460"]
[WhiteTeam "Salza Gymnasium Bad Langensalza"]
[BlackTeam "Werner-von-Siemens-Gymnasium Magdeburg"]
[PlyCount "90"]
[WhiteFideId "24694940"]
[EventCountry "GER"]
[EventRounds "7"]
[EventType "team-swiss"]
[EventDate "2012.05.03"]

1. e4 e5 2. Nf3 Nc6 3. d4 exd4 4. Bc4 d6 5. Nxd4 Nf6 6. Nc3 Be7 7. O-O O-O 8.
f4 Bg4 9. Qd2 Nxd4 10. Qxd4 Be6 11. Bxe6 fxe6 12. e5 Nd7 13. Be3 d5 14. Qd2 c5
15. Ne2 Nb6 16. b3 Rc8 17. a4 d4 18. Bf2 Nd5 19. Bg3 Ne3 20. Rf3 Nf5 21. Rd1 b6
22. Kh1 a6 23. c4 dxc3 24. Nxc3 Qxd2 25. Rxd2 Rfd8 26. Rfd3 Rxd3 27. Rxd3 Rd8
28. Rxd8+ Bxd8 29. Bf2 Be7 30. Ne4 Kf7 31. Kg1 Nd4 32. Bxd4 cxd4 33. Kf1 Bc5
34. Ke2 Ke7 35. Kd3 Kd7 36. Kc4 Kc6 37. Ng5 b5+ 38. axb5+ axb5+ 39. Kd3 Kd5 40.
Nxh7 Be7 41. g4 g6 42. g5 Kc5 43. h4 Kb4 44. Kc2 d3+ 45. Kxd3 Kxb3 0-1

[Event "DSM WK M 2012"]
[Site "Karlsruhe GER"]
[Date "2012.05.05"]
[Round "4"]
[White "Zander, Carolin"]
[Black "Winterberg, Johanna"]
[Result "0-1"]
[Termination "normal"]
[Board "3.3"]
[WhiteElo "800"]
[BlackElo "1210"]
[WhiteTeam "Werner-von-Siemens-Gymnasium Magdeburg"]
[BlackTeam "Salza Gymnasium Bad Langensalza"]
[PlyCount "92"]
[BlackFideId "12929344"]
[EventCountry "GER"]
[EventRounds "7"]
[EventType "team-swiss"]
[EventDate "2012.05.03"]

1. e4 c5 2. Nc3 Nc6 3. g3 Nf6 4. Bg2 d6 5. d3 g6 6. f4 Bg7 7. Nf3 Rb8 8. O-O
O-O 9. b3 Nxe4 10. dxe4 Bxc3 11. Rb1 Bg7 12. Bb2 Bxb2 13. Rxb2 b5 14. f5 Nb4
15. a3 Na6 16. fxg6 fxg6 17. Qd5+ e6 18. Qd2 Bb7 19. c4 bxc4 20. bxc4 Bxe4 21.
Qh6 Rxb2 22. Ne1 Rxf1+ 23. Kxf1 Qf6+ 24. Qf4 Bxg2+ 25. Nxg2 Qxf4+ 26. gxf4 Kf7
27. Ne1 Rxh2 28. Nf3 Ra2 29. Ng5+ Kf6 30. Nxh7+ Kf5 31. Nf8 Kxf4 32. Nxe6+ Kf3
33. Kg1 Kg3 34. Kf1 Rxa3 35. Ke2 Nb4 36. Kd2 Kf3 37. Nf8 Rd3+ 38. Kc1 g5 39.
Ng6 g4 40. Ne5+ dxe5 41. Kb2 g3 42. Kb1 g2 43. Kb2 e4 44. Kb1 g1=Q+ 45. Kb2
Qf2+ 46. Kb1 Rd1# 0-1

[Event "DSM WK M 2012"]
[Site "Karlsruhe GER"]
[Date "2012.05.05"]
[Round "4"]
[White "Schirrmeister, Laura"]
[Black "Döring, Saskia"]
[Result "1-0"]
[Termination "normal"]
[Board "3.4"]
[WhiteElo "1135"]
[BlackElo "800"]
[WhiteTeam "Salza Gymnasium Bad Langensalza"]
[BlackTeam "Werner-von-Siemens-Gymnasium Magdeburg"]
[PlyCount "49"]
[WhiteFideId "24694967"]
[EventCountry "GER"]
[EventRounds "7"]
[EventType "team-swiss"]
[EventDate "2012.05.03"]

1. e4 e5 2. Nf3 Nc6 3. Bc4 Bc5 4. c3 Nf6 5. d4 exd4 6. cxd4 Nxd4 7. Nxd4 Nxe4
8. O-O O-O 9. Qg4 d5 10. Nf5 Bxf5 11. Qxf5 Re8 12. Bxd5 Bxf2+ 13. Rxf2 Nxf2 14.
Bxf7+ Kf8 15. Bxe8+ Kxe8 16. Qxf2 Qe7 17. Bd2 b6 18. Nc3 Rd8 19. Re1 Rd7 20.
Bg5 Qxe1+ 21. Qxe1+ Kf7 22. Qf1+ Ke6 23. Qc4+ Ke5 24. Qe4+ Kd6 25. Qd5# 1-0

[Event "DSM WK M 2012"]
[Site "Karlsruhe GER"]
[Date "2012.05.05"]
[Round "4"]
[White "Evers, Annika"]
[Black "Lagunow, Elina"]
[Result "1-0"]
[Termination "normal"]
[Board "4.1"]
[WhiteElo "1774"]
[BlackElo "1684"]
[WhiteTeam "Athenaeum Stade"]
[BlackTeam "Heinrich-Schliemann-Gymnasium Berlin"]
[PlyCount "79"]
[WhiteFideId "24691933"]
[BlackFideId "4673387"]
[EventCountry "GER"]
[EventRounds "7"]
[EventType "team-swiss"]
[EventDate "2012.05.03"]

1. d4 Nf6 2. Nf3 g6 3. Bg5 Bg7 4. e3 O-O 5. Bd3 d6 6. c3 c5 7. Nbd2 Nc6 8. Qc2
e5 9. dxe5 Nxe5 10. Nxe5 dxe5 11. Ne4 Qb6 12. Bxf6 Bxf6 13. O-O-O Bg7 14. Bc4
Bf5 15. h3 Qc7 16. g4 Bd7 17. f3 b5 18. Bd5 Rad8 19. h4 Bc6 20. Bxc6 Qxc6 21.
h5 c4 22. hxg6 fxg6 23. Rxd8 Rxd8 24. g5 Qc7 25. Qh2 Bh8 26. f4 Rd3 27. fxe5
Bxe5 28. Nf6+ Kf8 29. Qh6+ Qg7 30. Qxg7+ Kxg7 31. Rxh7+ Kf8 32. Nd7+ Kg8 33.
Nxe5 Rd5 34. Re7 Kf8 35. Nxg6+ Kg8 36. Re5 Rd6 37. Ne7+ Kf7 38. g6+ Kf6 39. g7
Kxe5 40. g8=Q 1-0

[Event "DSM WK M 2012"]
[Site "Karlsruhe GER"]
[Date "2012.05.05"]
[Round "4"]
[White "Greßmann, Hanna"]
[Black "Lange, Anika"]
[Result "1/2-1/2"]
[Termination "normal"]
[Board "4.2"]
[WhiteElo "1490"]
[BlackElo "1523"]
[WhiteTeam "Heinrich-Schliemann-Gymnasium Berlin"]
[BlackTeam "Athenaeum Stade"]
[PlyCount "70"]
[WhiteFideId "12930709"]
[BlackFideId "24693405"]
[EventCountry "GER"]
[EventRounds "7"]
[EventType "team-swiss"]
[EventDate "2012.05.03"]

1. d4 d5 2. Nf3 Nf6 3. Nbd2 e6 4. e3 Bd6 5. Bd3 O-O 6. O-O Nbd7 7. e4 dxe4 8.
Nxe4 Nxe4 9. Bxe4 c5 10. d5 exd5 11. Bxd5 Nf6 12. Bc4 Bg4 13. h3 Bh5 14. Bg5
Be7 15. Re1 Re8 16. c3 a6 17. g4 Bg6 18. Ne5 Qc7 19. Nxg6 hxg6 20. Bxf6 Bxf6
21. Bb3 b5 22. Bd5 Rad8 23. Rxe8+ Rxe8 24. Qc2 Kf8 25. Rd1 Be5 26. Kg2 Bf6 27.
Rd2 Rd8 28. Bf3 Re8 29. Qd1 Rd8 30. Rxd8+ Bxd8 31. Qc2 a5 32. a3 Qb6 33. Qd3 b4
34. axb4 axb4 35. cxb4 cxb4 1/2-1/2

[Event "DSM WK M 2012"]
[Site "Karlsruhe GER"]
[Date "2012.05.05"]
[Round "4"]
[White "Kluge, Helene"]
[Black "Steffens, Skrolan"]
[Result "0-1"]
[Termination "normal"]
[Board "4.4"]
[WhiteElo "831"]
[BlackElo "800"]
[WhiteTeam "Heinrich-Schliemann-Gymnasium Berlin"]
[BlackTeam "Athenaeum Stade"]
[PlyCount "78"]
[WhiteFideId "12983179"]
[EventCountry "GER"]
[EventRounds "7"]
[EventType "team-swiss"]
[EventDate "2012.05.03"]

1. e4 g6 2. d4 Bg7 3. Nf3 d6 4. Bf4 a6 5. Nc3 b5 6. Qd2 Bb7 7. Bd3 Nd7 8. O-O
e5 9. Be3 exd4 10. Nxd4 c5 11. Nf3 Ngf6 12. Bh6 O-O 13. Bxg7 Kxg7 14. Rfe1 Re8
15. b3 Qc7 16. Rad1 Ne5 17. h3 Nh5 18. Qe3 Qe7 19. Nd5 Nxf3+ 20. Qxf3 Bxd5 21.
exd5 Qg5 22. c4 b4 23. g3 Nf6 24. Bc2 Re5 25. Rxe5 Qxe5 26. Qf4 Qxf4 27. gxf4
Nh5 28. f5 Re8 29. fxg6 hxg6 30. Kf1 Nf4 31. h4 Re2 32. Bd3 Rxa2 33. Be4 Rb2
34. Ra1 Rxb3 35. Rxa6 Rc3 36. Rxd6 Rxc4 37. Bf3 b3 38. Rb6 Rc1+ 39. Bd1 Rxd1#
0-1

[Event "DSM WK M 2012"]
[Site "Karlsruhe GER"]
[Date "2012.05.05"]
[Round "4"]
[White "Wolff, Marie Antoinette"]
[Black "Polert, Annika"]
[Result "0-1"]
[Termination "normal"]
[Board "5.1"]
[WhiteElo "1144"]
[BlackElo "1806"]
[WhiteTeam "Louise-Henriette-Gymnasium Oranienburg"]
[BlackTeam "Gymnasium Harksheide"]
[PlyCount "86"]
[WhiteFideId "12908258"]
[BlackFideId "24692328"]
[EventCountry "GER"]
[EventRounds "7"]
[EventType "team-swiss"]
[EventDate "2012.05.03"]

1. e4 c5 2. Nf3 d6 3. d4 cxd4 4. Nxd4 Nf6 5. Nc3 a6 6. Be2 e5 7. Nb3 Be6 8. O-O
Be7 9. Bg5 h6 10. Bxf6 gxf6 11. Nd5 f5 12. exf5 Bxf5 13. Bg4 Be6 14. Bxe6 fxe6
15. Qh5+ Kd7 16. Nxe7 Qxe7 17. Nd2 Nc6 18. Nc4 Rag8 19. Rad1 Rg5 20. Qf3 d5 21.
Qb3 Qb4 22. Qd3 Kc7 23. Nd2 e4 24. Qe3 Rhg8 25. Qf4+ Qd6 26. Qxd6+ Kxd6 27.
Nxe4+ Ke5 28. Nxg5 hxg5 29. Rfe1+ Kf5 30. Rd3 g4 31. Rde3 e5 32. Kh1 e4 33. h3
Rh8 34. Kh2 Nb4 35. Rc3 Nc6 36. Rg3 gxh3 37. gxh3 Nd4 38. Rd1 Nf3+ 39. Kg2 d4
40. Rg7 Rc8 41. Rf7+ Ke5 42. Re7+ Kf5 43. Kg3 Rg8+ 0-1

[Event "DSM WK M 2012"]
[Site "Karlsruhe GER"]
[Date "2012.05.05"]
[Round "4"]
[White "Thimian, Jessica"]
[Black "Hackbarth, Rieke Marie"]
[Result "0-1"]
[Termination "normal"]
[Board "5.3"]
[WhiteElo "800"]
[BlackElo "800"]
[WhiteTeam "Louise-Henriette-Gymnasium Oranienburg"]
[BlackTeam "Gymnasium Harksheide"]
[PlyCount "58"]
[EventCountry "GER"]
[EventRounds "7"]
[EventType "team-swiss"]
[EventDate "2012.05.03"]

1. d3 e5 2. e4 a6 3. Nc3 Nc6 4. Be3 h6 5. Nge2 d6 6. d4 exd4 7. Bxd4 Nxd4 8.
Nxd4 Nf6 9. Bd3 d5 10. Nde2 Bg4 11. f3 Bh5 12. Nf4 Bb4 13. O-O O-O 14. Ncxd5
Bc5+ 15. Kh1 Bg6 16. Re1 Nh5 17. Nxg6 Re8 18. Ngf4 Ng3+ 19. hxg3 g6 20. g4 Qh4+
21. Nh3 f5 22. Nxc7 fxg4 23. Kh2 gxh3 24. gxh3 Re5 25. Nxa8 Rh5 26. Bc4+ Kh8
27. Be6 g5 28. Qd7 g4 29. fxg4 Qxh3# 0-1

[Event "DSM WK M 2012"]
[Site "Karlsruhe GER"]
[Date "2012.05.05"]
[Round "4"]
[White "Bahr, Hannah"]
[Black "Hallek, Sarah"]
[Result "0-1"]
[Termination "normal"]
[Board "5.4"]
[WhiteElo "800"]
[BlackElo "800"]
[WhiteTeam "Gymnasium Harksheide"]
[BlackTeam "Louise-Henriette-Gymnasium Oranienburg"]
[PlyCount "86"]
[EventCountry "GER"]
[EventRounds "7"]
[EventType "team-swiss"]
[EventDate "2012.05.03"]

1. e4 e5 2. Nf3 Nc6 3. d3 Nf6 4. Bg5 Bb4+ 5. c3 Bc5 6. Bxf6 Qxf6 7. d4 Be7 8.
Bc4 d6 9. O-O Bg4 10. Nbd2 Qf4 11. Rc1 Bg5 12. Qb3 O-O 13. Nxg5 Qxg5 14. Nf3
Bxf3 15. dxe5 Nxe5 16. Rcd1 Bxg2 17. f4 Qg6 18. fxe5 Bxf1+ 19. Kxf1 dxe5 20.
Rd2 Qxe4 21. Rg2 g6 22. Re2 Qf4+ 23. Rf2 Qc1+ 24. Ke2 Kg7 25. Bd5 c6 26. Be4 f5
27. Bc2 Qg1 28. Rf3 Qxh2+ 29. Rf2 Qh4 30. c4 Rad8 31. Qxb7+ Rf7 32. Qc7 Rxc7
33. b4 Rd4 34. Ke3 Rf4 35. Kd3 Qxf2 36. Kc3 c5 37. b5 a6 38. bxa6 Ra7 39. a4
Rxa6 40. Bb3 Qd4+ 41. Kc2 Rd6 42. a5 Qd2+ 43. Kb1 Rf1+ 0-1

[Event "DSM WK M 2012"]
[Site "Karlsruhe GER"]
[Date "2012.05.05"]
[Round "4"]
[White "Krein, Jana"]
[Black "Schweiger, Yasmin"]
[Result "1/2-1/2"]
[Termination "normal"]
[Board "6.1"]
[WhiteElo "1362"]
[BlackElo "1038"]
[WhiteTeam "Auguste-Viktoria-Gymnasium Trier"]
[BlackTeam "Gymnasium Neureut"]
[PlyCount "82"]
[WhiteFideId "12937762"]
[EventCountry "GER"]
[EventRounds "7"]
[EventType "team-swiss"]
[EventDate "2012.05.03"]

1. e4 c6 2. d4 d5 3. e5 Bf5 4. Bd3 Bxd3 5. Qxd3 e6 6. f4 Ne7 7. g4 Qc8 8. Be3
Na6 9. c3 Nc7 10. Nf3 Qd7 11. Nbd2 g6 12. h4 O-O-O 13. O-O-O Bg7 14. Nb3 Rdf8
15. Rdf1 h5 16. g5 Nf5 17. Bf2 Rd8 18. Ne1 Na6 19. Nc2 Qc7 20. Kb1 Bf8 21. Ne3
Nxe3 22. Qxe3 Qb6 23. Rc1 Qb5 24. Rhe1 Rd7 25. Qe2 Qb6 26. c4 dxc4 27. Qxc4 Kb8
28. Red1 Qc7 29. Nc5 Nxc5 30. dxc5 Be7 31. Rd4 Rhd8 32. Rcd1 a6 33. Rxd7 Rxd7
34. Rxd7 Qxd7 35. Qd4 Qxd4 36. Bxd4 Bd8 37. b4 a5 38. a3 axb4 39. axb4 Ka7 40.
Kb2 b6 41. Kb3 Ka6 1/2-1/2

[Event "DSM WK M 2012"]
[Site "Karlsruhe GER"]
[Date "2012.05.05"]
[Round "4"]
[White "Richter, Charlotte"]
[Black "Bach, Kira Annika"]
[Result "0-1"]
[Termination "normal"]
[Board "6.2"]
[WhiteElo "800"]
[BlackElo "1189"]
[WhiteTeam "Gymnasium Neureut"]
[BlackTeam "Auguste-Viktoria-Gymnasium Trier"]
[PlyCount "118"]
[BlackFideId "12907677"]
[EventCountry "GER"]
[EventRounds "7"]
[EventType "team-swiss"]
[EventDate "2012.05.03"]

1. e4 e5 2. Nf3 Nc6 3. Bc4 Bc5 4. d3 h6 5. Nc3 Nf6 6. O-O O-O 7. Be3 Bb6 8. h3
d6 9. d4 Re8 10. d5 Ne7 11. b4 c6 12. a4 cxd5 13. exd5 Qc7 14. Qe2 Bf5 15. Ra2
Rac8 16. Nb5 Qd8 17. Bd3 Bxd3 18. cxd3 Nexd5 19. Bd2 a6 20. Na3 e4 21. Nh4 e3
22. fxe3 Bxe3+ 23. Bxe3 Rxe3 24. Qd2 Qd7 25. Nc4 Rg3 26. Nf5 Rg5 27. Ncxd6 Rc6
28. Qf2 Nxb4 29. Rd2 Kh7 30. Qf4 Nbd5 31. Qd4 g6 32. Rdf2 gxf5 33. Nxf5 Kg6 34.
Qe5 Qe6 35. Qxe6 Rxe6 36. Nh4+ Kh7 37. Nf3 Rf5 38. Nd4 Rxf2 39. Rxf2 Re1+ 40.
Kh2 Ra1 41. Re2 Rxa4 42. Nf5 b5 43. Nd6 Kg7 44. Rb2 b4 45. Nf5+ Kg6 46. Nh4+
Kh5 47. Nf3 Ra3 48. d4 b3 49. g4+ Kg6 50. Ne5+ Kg7 51. Kg3 a5 52. Nc4 Ra4 53.
Nd2 Rxd4 54. Nxb3 Rd3+ 55. Kh4 a4 56. Nc5 Rc3 57. Nxa4 Rf3 58. Nc5 Nf4 59. g5
Rxh3# 0-1

[Event "DSM WK M 2012"]
[Site "Karlsruhe GER"]
[Date "2012.05.05"]
[Round "4"]
[White "Schweiger, Lauralie"]
[Black "Mauel, Valeria"]
[Result "0-1"]
[Termination "normal"]
[Board "6.4"]
[WhiteElo "830"]
[BlackElo "1051"]
[WhiteTeam "Gymnasium Neureut"]
[BlackTeam "Auguste-Viktoria-Gymnasium Trier"]
[PlyCount "78"]
[EventCountry "GER"]
[EventRounds "7"]
[EventType "team-swiss"]
[EventDate "2012.05.03"]

1. d4 d5 2. c4 Nc6 3. Nc3 dxc4 4. Nf3 Bg4 5. e3 e6 6. Bxc4 Bb4 7. O-O e5 8. d5
Nce7 9. e4 Nf6 10. Qd3 c6 11. d6 Bxc3 12. bxc3 Nc8 13. Nxe5 Qxd6 14. Nxf7 Qxd3
15. Bxd3 Kxf7 16. e5 Nd7 17. Re1 Re8 18. f4 Ncb6 19. Bxh7 g6 20. h3 Be6 21. Re4
Kg7 22. f5 Bxf5 23. Rh4 Rh8 24. Bg5 Rxh7 25. Re1 Rxh4 26. Bxh4 Re8 27. Bg3 Nc4
28. e6 Rxe6 29. Rxe6 Bxe6 30. Bf2 Na3 31. g4 Bxa2 32. Kg2 Bd5+ 33. Kg3 Nc4 34.
h4 a5 35. h5 gxh5 36. gxh5 Kh6 37. Kh4 Bf7 38. Kg3 a4 39. Kg4 a3 0-1